| 000 | 00685nam a22002057a 4500 | ||
|---|---|---|---|
| 005 | 20100813115918.0 | ||
| 010 | _aENG-100468 | ||
| 020 |
_c75.00 _a9788123758381 |
||
| 035 | _aEN-84001 | ||
| 037 | _bDBAD/PUB | ||
| 082 | _a921 | ||
| 100 |
_aGavankar, Veena _913475 |
||
| 245 | u |
_aA man called carver / _cby Veena Gavankar |
|
| 260 |
_aNew Delhi _bNational Book Trust, _c2010 |
||
| 270 |
_aNehru Bhawan, 5 Institutional Area, Phase-II Vasant Kunj, _bNew Delhi _e110070 |
||
| 300 |
_axvi, 200p. _c22cm (pbk) |
||
| 700 | _913048 | ||
| 942 |
_2ddc _cEN _h921 _mGAV |
||
| 999 |
_c41946 _d41946 |
||